[Event "Sparkassen-Open A"]
[Site "Heusenstamm, Martinsee"]
[Date "2024.11.24"]
[Round "7.38"]
[White "Neagu, Liviu"]
[Black "Wernicke, Dieter"]
[Result "1-0"]
[WhiteElo "1781"]
[BlackElo "1601"]
[PlyCount "39"]
[EventDate "2024.11.21"]
[WhiteTeam "Wiesbaden"]
[BlackTeam "SV Mainspitze Ginsheim"]

1. d4 Nf6 2. c4 d5 3. Nf3 Bf5 4. Nc3 e6 5. Bg5 Be7 6. e3 Nbd7 7. Bxf6 Nxf6 8. cxd5 exd5 9. Be2 O-O 10. O-O c6 11. Rc1 Re8 12. Ne5 Bd6 13. g4 Bc8 14. f4 Ne4 15. Nxe4 dxe4 16. g5 f6 17. Bc4+ Kf8 18. Qh5 Qc7 19. Qxh7 fxe5 20. fxe5+ 1-0

[Event "Sparkassen-Open A"]
[Site "Heusenstamm, Martinsee"]
[Date "2024.11.24"]
[Round "7.39"]
[White "Probstfeld, Bernd"]
[Black "Milman, Sophie"]
[Result "1/2-1/2"]
[WhiteElo "1730"]
[BlackElo "1607"]
[PlyCount "31"]
[EventDate "2024.11.21"]
[WhiteTeam "SG Pieroth/Burg Layen"]
[BlackTeam "VSG 1880 Offenbach"]

1. d4 Nf6 2. c4 g6 3. Nc3 Bg7 4. e4 d6 5. f3 O-O 6. Bd3 c5 7. d5 e6 8. Be3 b6 9. Qd2 exd5 10. cxd5 Ba6 11. Bxa6 Nxa6 12. Bh6 Nc7 13. Bxg7 Kxg7 14. Nge2 Kg8 15. g4 Nd7 16. O-O-O 1/2-1/2

[Event "Sparkassen-Open A"]
[Site "Heusenstamm, Martinsee"]
[Date "2024.11.24"]
[Round "7.40"]
[White "Hüttinger, Siegfried"]
[Black "Baumgart, Jost"]
[Result "1-0"]
[WhiteElo "1697"]
[BlackElo "1569"]
[PlyCount "93"]
[EventDate "2024.11.21"]
[WhiteTeam "SC Königsspringer Alzenau e.V"]
[BlackTeam "SK Marburg 1931/72"]

1. Nf3 b6 2. b3 Nf6 3. Bb2 Bb7 4. e3 e6 5. c4 d5 6. d4 Bb4+ 7. Bc3 Bxc3+ 8. Nxc3 Nbd7 9. Bd3 Qe7 10. Nb5 O-O 11. Nxc7 Rac8 12. Nb5 dxc4 13. bxc4 a6 14. Nc3 e5 15. dxe5 Nxe5 16. Be2 Nxc4 17. Qb3 Ne5 18. O-O Nfg4 19. h3 Nxf3+ 20. Bxf3 Bxf3 21. gxf3 Ne5 22. f4 Nf3+ 23. Kg2 Nd2 24. Nd5 Qe4+ 25. f3 Qg6+ 26. Kf2 Qd6 27. Qd3 Nxf1 28. Rxf1 Rfd8 29. Rd1 Rc5 30. Ne7+ Kf8 31. Qxd6 Rxd6 32. Rxd6 Kxe7 33. Rxb6 Rc2+ 34. Kg3 Rxa2 35. e4 a5 36. f5 f6 37. Rb7+ Kd6 38. Rxg7 a4 39. Rf7 a3 40. Rxf6+ Ke7 41. Ra6 Ra1 42. Kf4 a2 43. e5 Kf7 44. Ra7+ Kf8 45. e6 Ke8 46. f6 Re1 47. Ra8# 1-0

[Event "Sparkassen-Open A"]
[Site "Heusenstamm, Martinsee"]
[Date "2024.11.24"]
[Round "7.41"]
[White "Henn, Jochen"]
[Black "Kim, David"]
[Result "1-0"]
[WhiteElo "1693"]
[BlackElo "1568"]
[PlyCount "79"]
[EventDate "2024.11.21"]
[WhiteTeam "SC Bad Nauheim"]
[BlackTeam "SV 1920 Hofheim"]

1. e4 c5 2. Nf3 e6 3. c3 a6 4. d4 cxd4 5. cxd4 Nf6 6. Bd3 h6 7. Nc3 Bb4 8. O-O d6 9. d5 exd5 10. Nxd5 Nxd5 11. exd5 O-O 12. a3 Ba5 13. b4 Bb6 14. Bb2 Bg4 15. h3 Bh5 16. Re1 Re8 17. Be4 Nd7 18. Qd3 Nf6 19. Bf5 Bxf3 20. Qxf3 Re7 21. Qg3 Rc7 22. Rac1 Rxc1 23. Bxc1 Nh5 24. Qg4 Nf6 25. Qf3 Nh7 26. Bb2 Nf6 27. Qd3 Ba7 28. Re2 Kf8 29. Qf3 Kg8 30. Bd3 Nh7 31. Bxh7+ Kxh7 32. Qxf7 Qg8 33. Qxb7 Qf8 34. Bxg7 Qc8 35. Qe7 Qd8 36. Qf7 Qg8 37. Qf4 Kxg7 38. Re7+ Kh8 39. Qf6+ Qg7 40. Qxg7# 1-0

[Event "Sparkassen-Open A"]
[Site "Heusenstamm, Martinsee"]
[Date "2024.11.24"]
[Round "7.42"]
[White "Karres, David Tobias"]
[Black "Müller, Jens"]
[Result "1-0"]
[WhiteElo "1636"]
[BlackElo "1684"]
[PlyCount "39"]
[EventDate "2024.11.21"]
[WhiteTeam "SF Heidelberg"]
[BlackTeam "SV 1920 Hofheim"]

1. e4 c6 2. d4 d5 3. f3 Qb6 4. Nc3 dxe4 5. fxe4 e5 6. Nf3 Bg4 7. Bc4 Nd7 8. Bxf7+ Kxf7 9. Ng5+ Ke8 10. Qxg4 exd4 11. Qe6+ Be7 12. Qf7+ Kd8 13. Ne6+ Kc8 14. Qe8+ Bd8 15. Ne2 Ndf6 16. Qf8 c5 17. Nxd8 Qxd8 18. Qxc5+ Qc7 19. Qxc7+ Kxc7 20. Bf4+ 1-0

[Event "Sparkassen-Open A"]
[Site "Heusenstamm, Martinsee"]
[Date "2024.11.24"]
[Round "7.45"]
[White "Eitel, Liz"]
[Black "Pishnograev, Ilya"]
[Result "1-0"]
[WhiteElo "1546"]
[BlackElo "1667"]
[PlyCount "105"]
[EventDate "2024.11.21"]
[WhiteTeam "SAbt SV Werder Bremen"]
[BlackTeam "SK Bad Homburg 1927"]

1. e4 e5 2. Nf3 Nc6 3. Bc4 Bc5 4. c3 Qe7 5. d3 h6 6. O-O Nf6 7. Be3 Bxe3 8. fxe3 O-O 9. Nbd2 d6 10. Qc2 Be6 11. Bxe6 Qxe6 12. h3 d5 13. exd5 Nxd5 14. Rae1 Rad8 15. e4 Nf4 16. Re3 Rd6 17. Nc4 Nxh3+ 18. gxh3 Qxh3 19. Nxd6 cxd6 20. Qg2 Qe6 21. Kf2 Qxa2 22. Rg1 g6 23. Kf1 Ne7 24. Ne1 f5 25. Nf3 Qb1+ 26. Re1 Qxd3+ 27. Qe2 Qxe4 28. Qxe4 fxe4 29. Rxe4 Rxf3+ 30. Ke1 Rh3 31. Kd1 g5 32. Re2 Ng6 33. Rd2 Nf4 34. Rxd6 Nd3 35. Rd8+ Kg7 36. Rd7+ Kg6 37. Kc2 e4 38. Rd1 Rh2+ 39. Rd2 Rxd2+ 40. Kxd2 Nxb2 41. Rxb7 a5 42. Rxb2 g4 43. Ke3 Kh5 44. Rh2+ Kg5 45. Kxe4 g3 46. Ra2 Kg4 47. c4 h5 48. c5 h4 49. c6 h3 50. c7 h2 51. c8=Q+ Kh4 52. Qh8+ Kg4 53. Rxh2 1-0

[Event "Sparkassen-Open A"]
[Site "Heusenstamm, Martinsee"]
[Date "2024.11.24"]
[Round "7.47"]
[White "El-Lawindy, Asem"]
[Black "Matsoukas, Konstantinos"]
[Result "0-1"]
[WhiteElo "1680"]
[BlackElo "1584"]
[PlyCount "62"]
[EventDate "2024.11.21"]
[WhiteTeam "VSG 1880 Offenbach"]
[BlackTeam "SAbt TuS Makkabi Ffm"]

1. d4 Nf6 2. Nf3 e6 3. e3 c5 4. dxc5 Bxc5 5. Bd3 b6 6. Nbd2 Bb7 7. O-O O-O 8. Qe2 d5 9. e4 Nc6 10. c3 Qc7 11. e5 Nd7 12. Re1 Rfd8 13. Nf1 Rac8 14. Ng3 d4 15. Bxh7+ Kxh7 16. Ng5+ Kg8 17. Qh5 Nf8 18. Re4 Nxe5 19. Nxe6 Nxe6 20. Rxe5 Qc6 21. Qh3 Rd5 22. Rf5 Rxf5 23. Nxf5 Qe4 24. Ng3 Qe1+ 25. Nf1 Ba6 26. g3 Ng5 27. Bxg5 Qxa1 28. b4 Bxf1 29. Qxc8+ Bf8 30. f4 Bh3+ 31. Kf2 Qf1# 0-1

[Event "Sparkassen-Open A"]
[Site "Heusenstamm, Martinsee"]
[Date "2024.11.24"]
[Round "7.48"]
[White "Leichum, Engelbert"]
[Black "Englert, Ann"]
[Result "0-1"]
[WhiteElo "1658"]
[BlackElo "1567"]
[PlyCount "78"]
[EventDate "2024.11.21"]
[WhiteTeam "Frankfurt"]
[BlackTeam "TV-Großostheim 1900 e.V."]

1. e4 c5 2. d4 cxd4 3. Bc4 Nc6 4. c3 Nf6 5. cxd4 Nxe4 6. Nc3 Nxc3 7. bxc3 g6 8. Nf3 Bg7 9. O-O O-O 10. Bg5 d5 11. Bb3 Bf5 12. Qd2 Qd7 13. Bh6 Rac8 14. Nh4 Na5 15. Bd1 Bxh6 16. Qxh6 Rxc3 17. Qf4 Be6 18. Nf3 Nc4 19. Re1 Bg4 20. Be2 Bxf3 21. Bxf3 e6 22. h4 Qd6 23. Qf6 Qd8 24. Qf4 Qe7 25. Bxd5 Qd7 26. Bf3 b6 27. h5 Qd8 28. h6 Rd3 29. Rad1 Rxd1 30. Rxd1 Nb2 31. Qe5 f6 32. Qxe6+ Kh8 33. Re1 Nd3 34. Re3 Nb4 35. a3 Nc2 36. Rd3 Nxd4 37. Rxd4 Qxd4 38. Qe7 Qa1+ 39. Kh2 Qe5+ 0-1

[Event "Sparkassen-Open A"]
[Site "Heusenstamm, Martinsee"]
[Date "2024.11.24"]
[Round "7.49"]
[White "Lüders, Eric"]
[Black "Hellmann, Alexander"]
[Result "0-1"]
[WhiteElo "1651"]
[BlackElo "1556"]
[PlyCount "48"]
[EventDate "2024.11.21"]
[WhiteTeam "SF Hünstetten"]
[BlackTeam "SJ Herborn 1998"]

1. e4 e5 2. Nf3 Nc6 3. Bb5 a6 4. Ba4 Nf6 5. d3 b5 6. Bb3 Bc5 7. Nc3 d6 8. Nd5 Nxd5 9. Bxd5 Bd7 10. O-O O-O 11. Ng5 h6 12. Nf3 Rb8 13. Kh1 Ne7 14. Bb3 Ng6 15. Bd5 Ne7 16. Bb3 Ng6 17. d4 exd4 18. Nxd4 Qf6 19. Nf3 Rfe8 20. Nd2 Bc6 21. f3 Re5 22. a4 Rh5 23. Bd5 Rxh2+ 24. Kxh2 Qh4# 0-1

[Event "Sparkassen-Open A"]
[Site "Heusenstamm, Martinsee"]
[Date "2024.11.24"]
[Round "7.54"]
[White "Aravindhan, Aadvik"]
[Black "Chiokadze, Barbare"]
[Result "0-1"]
[WhiteElo "1529"]
[BlackElo "1644"]
[PlyCount "74"]
[EventDate "2024.11.21"]
[WhiteTeam "Club Zukertort"]
[BlackTeam "David Jojua Schachschule"]

1. e4 c5 2. Nf3 Nc6 3. Be2 d6 4. O-O Nf6 5. d3 e5 6. Nc3 Be7 7. Bg5 O-O 8. Nd5 Nxd5 9. exd5 Bxg5 10. dxc6 bxc6 11. Nxg5 Qxg5 12. Bf3 Bd7 13. c4 f5 14. Qa4 f4 15. Bxc6 f3 16. g3 Bxc6 17. Qxc6 Qh6 18. Kh1 Rad8 19. Qd5+ Kh8 20. Rae1 Qh3 21. Rg1 Rf6 22. Re4 g5 23. Rh4 gxh4 24. gxh4 Qd7 25. Qe4 Rdf8 26. h5 Qf7 27. Qe3 Rg8 28. Rg3 Rxg3 29. fxg3 f2 30. Qe2 f1=R+ 31. Kg2 R6f2+ 32. Qxf2 Qxf2+ 33. Kh3 Qf5+ 34. Kg2 Rf2+ 35. Kh1 Rxb2 36. Kg1 Qf2+ 37. Kh1 Qxh2# 0-1

[Event "Sparkassen-Open A"]
[Site "Heusenstamm, Martinsee"]
[Date "2024.11.24"]
[Round "7.55"]
[White "Maibaum, Harry"]
[Black "Kanagaraj, Thangavelu"]
[Result "1-0"]
[WhiteElo "1610"]
[BlackElo "1580"]
[PlyCount "91"]
[EventDate "2024.11.21"]
[WhiteTeam "Sfr.Heimersheim"]
[BlackTeam "TSV Schott Mainz"]

1. d4 Nf6 2. Nc3 d5 3. Bf4 e6 4. Nb5 Na6 5. c3 c6 6. Na3 Bd6 7. e3 Bxf4 8. exf4 Qd6 9. g3 b6 10. Nf3 c5 11. Bb5+ Nd7 12. Ne5 O-O 13. Nxd7 Bxd7 14. Bxa6 c4 15. Bb5 Bc8 16. Ba4 Bb7 17. Bc2 g6 18. O-O a6 19. Nb1 b5 20. Nd2 b4 21. Nf3 bxc3 22. bxc3 f6 23. a4 a5 24. Qe2 Rfe8 25. Rfb1 Ba6 26. Qd2 Bc8 27. Qc1 Qd7 28. Qf1 Ba6 29. h4 Kf7 30. Qh3 Rh8 31. g4 Bc8 32. Kg2 Qd6 33. Qg3 Qe7 34. g5 f5 35. Ne5+ Kg7 36. Rh1 Bb7 37. h5 Ba6 38. Rh2 Rag8 39. Rah1 Qa3 40. hxg6 hxg6 41. Rxh8 Rxh8 42. Rxh8 Kxh8 43. Qh4+ Kg8 44. Qh6 Qf8 45. Qxg6+ Qg7 46. Qxe6+ 1-0

[Event "Sparkassen-Open A"]
[Site "Heusenstamm, Martinsee"]
[Date "2024.11.24"]
[Round "7.56"]
[White "Kanagaraj, Aarav"]
[Black "Sharma, Aarav"]
[Result "1/2-1/2"]
[WhiteElo "1572"]
[BlackElo "1598"]
[PlyCount "129"]
[EventDate "2024.11.21"]
[WhiteTeam "TSV Schott Mainz"]
[BlackTeam "SAbt TuS Makkabi Ffm"]

1. Nf3 Nf6 2. g3 d5 3. d4 Bf5 4. Bg2 Nc6 5. O-O Qd7 6. Re1 O-O-O 7. Bf4 e6 8. Nh4 Bg6 9. Nxg6 hxg6 10. Nd2 Nxd4 11. c3 Nc6 12. e4 e5 13. Bg5 Be7 14. Bxf6 gxf6 15. exd5 Nb8 16. Nb3 Na6 17. Nc5 Qb5 18. Nb3 c6 19. a4 Qb6 20. c4 Rh7 21. Qf3 cxd5 22. cxd5 Nc7 23. Rac1 Kb8 24. Red1 f5 25. Qc3 Bd6 26. a5 Qb5 27. Qc4 e4 28. Qxb5 Nxb5 29. Bf1 Rdh8 30. Bxb5 Rxh2 31. Kf1 e3 32. Rc2 Bxg3 33. d6 Rxf2+ 34. Rxf2 exf2 35. Kg2 f4 36. d7 Kc7 37. Rc1+ Kd6 38. Rc8 Rh2+ 39. Kf3 f1=Q+ 40. Bxf1 Kxd7 41. Rc1 Rxb2 42. Nc5+ Ke7 43. Ne4 f5 44. Nxg3 fxg3 45. Kxg3 g5 46. Rc7+ Kf6 47. a6 bxa6 48. Rxa7 f4+ 49. Kg4 Ke5 50. Kxg5 f3 51. Rxa6 Rb1 52. Bh3 Rg1+ 53. Kh4 f2 54. Ra5+ Kf4 55. Rf5+ Ke3 56. Re5+ Kd4 57. Re2 f1=Q 58. Bxf1 Rxf1 59. Rg2 Ke4 60. Rg4+ Kf5 61. Rg5+ Kf6 62. Rg3 Kf5 63. Rg5+ Ke6 64. Rg6+ Kd7 65. Rg3 1/2-1/2

[Event "Sparkassen-Open A"]
[Site "Heusenstamm, Martinsee"]
[Date "2024.11.24"]
[Round "7.57"]
[White "Boder, Jörg"]
[Black "Faisz, David"]
[Result "1/2-1/2"]
[WhiteElo "1595"]
[BlackElo "1525"]
[PlyCount "38"]
[EventDate "2024.11.21"]
[WhiteTeam "SC ML Kastellaun"]
[BlackTeam "SK 1926 Ettlingen"]

1. c4 Nf6 2. g3 d6 3. Bg2 Bf5 4. Nc3 c6 5. d4 Na6 6. Nf3 d5 7. c5 e6 8. O-O Be7 9. h3 O-O 10. Qb3 Qc8 11. Bf4 Ne4 12. Nxe4 Bxe4 13. Nd2 Bxg2 14. Kxg2 Bd8 15. a3 Bc7 16. Be3 b6 17. Qc2 b5 18. b4 Bd8 19. Nf3 f6 1/2-1/2

[Event "Sparkassen-Open A"]
[Site "Heusenstamm, Martinsee"]
[Date "2024.11.24"]
[Round "7.58"]
[White "Verin, Eric"]
[Black "Niesel, Markus"]
[Result "0-1"]
[WhiteElo "1693"]
[BlackElo "1519"]
[PlyCount "86"]
[EventDate "2024.11.21"]
[WhiteTeam "SC Bergen-Enkheim 1922"]
[BlackTeam "SV 1934 Ffm-Griesheim"]

1. Nf3 d5 2. g3 Bf5 3. d3 Nf6 4. Bg2 e6 5. O-O Nc6 6. Nbd2 Bc5 7. h3 Qd6 8. Nh4 g6 9. g4 Qg3 10. Ndf3 Bxg4 11. hxg4 Nxg4 12. e3 Qd6 13. Bh3 Nf6 14. d4 Bb6 15. Ng2 Ne4 16. Nf4 g5 17. Ne2 Rg8 18. Bg2 Ne7 19. Nh2 Nf5 20. Qd3 Nf6 21. c4 dxc4 22. Qxc4 c6 23. Bh3 Bc7 24. Nf3 Nh4 25. Ne5 g4 26. Bg2 Nf3+ 27. Kh1 Nxe5 28. dxe5 Qxe5 29. Qf4 Qh5+ 30. Kg1 Bxf4 31. Nxf4 Qf5 32. b3 Qe5 33. Ba3 g3 34. Rae1 gxf2+ 35. Rxf2 Qg5 36. Bc1 Qg3 37. Kf1 Ng4 38. Rf3 Nh2+ 39. Ke2 Nxf3 40. Bxf3 e5 41. Nh5 Qh2+ 42. Kd1 Rd8+ 43. Bd2 Qxd2# 0-1

[Event "Sparkassen-Open A"]
[Site "Heusenstamm, Martinsee"]
[Date "2024.11.24"]
[Round "7.59"]
[White "Junkers, Günter"]
[Black "Tran, Duy-Khang"]
[Result "0-1"]
[WhiteElo "1496"]
[BlackElo "1647"]
[PlyCount "76"]
[EventDate "2024.11.21"]
[WhiteTeam "SSG Rödermark/Eppertshausen"]
[BlackTeam "TSV 1869 e. V. Rottendorf"]

1. e4 c5 2. Nf3 d6 3. Nc3 e5 4. d3 Be7 5. h4 Bg4 6. Be2 Bxf3 7. Bxf3 Bxh4 8. Qe2 Nc6 9. Bd2 Nd4 10. Qd1 Bg5 11. Bg4 Bxd2+ 12. Qxd2 Nf6 13. Bh3 Nh5 14. O-O-O Nf4 15. Bg4 Nxg2 16. Rh3 Nf4 17. Rg3 h5 18. Bf3 h4 19. Rxg7 Nxf3 20. Qe3 Ng5 21. Nd5 Nfe6 22. Nc7+ Qxc7 23. Rxg5 Nxg5 24. Qxg5 Qe7 25. Qg7 O-O-O 26. Qg4+ Qe6 27. Qf3 Qh6+ 28. Rd2 Rdg8 29. Qf5+ Kc7 30. Qxf7+ Kb8 31. c3 h3 32. Kc2 h2 33. b4 h1=Q 34. bxc5 dxc5 35. Qf5 Qb6 36. Qxe5+ Ka8 37. c4 Qhb1+ 38. Kc3 Q6b4# 0-1

[Event "Sparkassen-Open A"]
[Site "Heusenstamm, Martinsee"]
[Date "2024.11.24"]
[Round "7.60"]
[White "Dick, Markus"]
[Black "Barth, Horst"]
[Result "0-1"]
[WhiteElo "1589"]
[BlackElo "1538"]
[PlyCount "63"]
[EventDate "2024.11.21"]
[WhiteTeam "SV 1934 Ffm-Griesheim"]
[BlackTeam "Sfr.Mainz 1928"]

1. e4 c5 2. d4 cxd4 3. c3 dxc3 4. Nxc3 Nc6 5. Nf3 e6 6. Bc4 Bc5 7. O-O a6 8. Qe2 b5 9. Bb3 Bb7 10. Rd1 Nge7 11. Bf4 Ng6 12. Bg3 O-O 13. Rac1 Bb6 14. e5 Nce7 15. a4 b4 16. Ne4 Nf5 17. Nc5 Nxg3 18. hxg3 Bxf3 19. gxf3 Ra7 20. Nxa6 Qg5 21. Nxb4 Qxg3+ 22. Kf1 Qh3+ 23. Ke1 Nf4 24. Qe4 Qh2 25. Rc2 Qg1+ 26. Kd2 Qxf2+ 27. Kc1 Qe3+ 28. Qxe3 Bxe3+ 29. Kb1 Rb8 30. Nd3 h5 31. Re1 Nxd3 32. Rxe3 0-1